000 00511nam a2200157 a 4500
008 120416s1975 ||||||||||||||||| || u
020 _a0408001429
050 _aTP 1120 Bry
100 _aBrydson, J. A
245 1 0 _aPlastics materials
250 _a3rd ed.
260 _aLondon
_bNewnes-Butterworths
_c1975
300 _a731p. : ill.
350 _a0.00
995 _D0.00
_FCBU-MAIN LIBRARY (Kitwe)
_H1
_I13.75
_UAVAILABLE
_ZAnnex Low-Usage Collection
999 _c53788
_d53788